| 000 | 00957nam a2200301 i 4500 | ||
|---|---|---|---|
| 003 | EG-GICUC | ||
| 005 | 20260331060448.0 | ||
| 008 | 260331s1986 -uk||||fr|||| 001 0 eng d | ||
| 040 |
_aEG-GiCUC _beng _cEG-GiCUC _dEG-GiCUC _erda |
||
| 041 | 0 | _aeng | |
| 082 | 0 | 4 |
_221 _a341.48 _bGO . R |
| 092 | 0 | 4 | _221 |
| 099 | _aLaw1 11 341.48 GO . R 1986 | ||
| 100 | 1 |
_a Goodwin-gill, Guy S _eAuthor. |
|
| 245 | 1 | 4 |
_aThe Refugee In International Law / _cGuy S. Goodwin-gill. |
| 264 | 1 |
_aOxford : _bClarendon Press, _c1986. |
|
| 300 |
_a318 pages, _c24 cm |
||
| 336 |
_2rda content _atext |
||
| 337 |
_2rda media _aComputer |
||
| 338 |
_2rda carrier _aOnline Resource |
||
| 504 | _aIncludes bibliographical references and index. | ||
| 504 | _aBibliography: pages 306-311. | ||
| 546 | _aText in English | ||
| 650 | 1 | 4 | _aPublic international law |
| 856 | 4 | 0 | _uhttps://fll.law.cu.edu.eg/fulltext/bks/B11-09328.pdf |
| 905 | _a48 | ||
| 942 |
_2ddc _cBK _e21 _n0 |
||
| 999 |
_c67748 _d67748 |
||